000 01179naa a22002897a 4500
001 BR8204488
003 BR-BrBNA
005 20240918175142.0
007 ta
008 230509b bl.||||| |||| 00| 0 por d
040 _aBR-BrBNA
_bpor
_cBiblioteca Nacional de Agricultura
041 _a(En)
072 _aK50
_b8911
090 _aK50 BR8204488
100 1 _aFujimoto, K.
111 1 _a15. Congresso Anual da Associacao Tecnica Brasileira de Celulose e Papel. Semana do Papel
_cSao Paulo, SP (Brazil)
_d22-26 Nov 1982
245 1 _aComputer control system for small and medium size paper machines [papel, maquina, computador]
260 3 _aSao Paulo, SP (Brasil):
_c1982.
500 _a15. Congresso Anual da Associacao Tecnica Brasileira de Celulose e Papel. Semana do Papel Sao Paulo, SP (Brasil): 1982. p. 519-528 (BR8204488-AM)K50
650 _aPAPEL
650 _aMAQUINA
650 _aINDUSTRIA FLORESTAL
650 _aCOMPUTADOR
773 0 _t15. Congresso Anual da Associacao Tecnica Brasileira de Celulose e Papel. Semana do Papel
_wK50 BR8204488
_gSao Paulo, SP (Brasil), 1982. p. 519-528
909 _a202404
_bLucia
_c55
_dLucia Elande
942 _cAM
_2AGRIS
999 _c315278
_d315278